000
00225nam a22000857a 4500
008
160917b xxu||||| |||| 00| 0 eng d
100
_9
630
_a
Nagaraj.G.
245
_a
Grammer Express-2
260
_a
New Delhi
_b
Frank. Publications
_c
2012
999
_c
3289
_d
3289